000 01243nam a22002537a 4500
001 BRCA_9243
003 FranzMayer
005 20221006172245.0
008 221006b |||||||| |||| 00| 0 eng d
020 _a9786073015738
_qObra completa
020 _a9786073015745
_qTomo I
020 _a9786073015752
_qTomo II
040 _bspa
_cMFM
041 _aspa
050 _aTT197.
_bC37 2019
245 _aCarpinteros de la Sierra :
_bel mobiliario taraceado de la Villa Alta de San Ildefonso, Oaxaca (Siglos XVII y XVIII)
260 _aMéxico :
_bUniversidad Nacional Autónoma de México, Instituto de Investigaciones Estéticas,
_c2019
300 _a2 vol. :
_bil. fot. ;
505 _gTomo I.
_tEstudios /
_rCarla Aymes, Dennis Carr, Gustavo Curiel, Berenice Jarquín Pacheco, César Manrique Figueroa, Mireya Olvera Sánchez, Alejandra Quintanar Isaías, Jorge F. Rivas Pérez, Guillermina Solé Peñalosa e Hilda Urréchaga
505 _gTomo II.
_tCatálogo razonado /
_rGustavo Curiel
650 _aEbanistería
_zOaxaca de Juárez (Mexico)
_zSan Ildefonso Villa Alta (Mexico)
_xHistoria
_928600
650 _aMuebles coloniales
_zOaxaca de Juárez (Mexico)
_zSan Ildefonso Villa Alta (Mexico)
_vCatálogos
_928601
942 _2lcc
_cB
999 _c10862
_d10862